| 000 -CABECERA |
| Longitud fija campo de control |
01198nam a22002295a 4500 |
| 003 - IDENTIFICADOR DEL NÚMERO DE CONTROL |
| Identificador del número de control |
OSt |
| 005 - FECHA Y HORA DE LA ÚLTIMA TRANSACCIÓN |
| Fecha y hora de la última transacción |
20230719131256.0 |
| 008 - CÓDIGOS DE INFORMACIÓN DE LONGITUD FIJA |
| Códigos de información de longitud fija |
160614s2016 spc||||fsm||||0|| 0 spa|d |
| 020 ## - NÚMERO INTERNACIONAL NORMALIZADO PARA LIBROS |
| Número Internacional Normalizado para Libros (ISBN) |
9788449027697 |
| 040 ## - FUENTE DE LA CATALOGACIÓN |
| Lengua de catalogación |
cat |
| Centro transcriptor |
CDMR |
| 100 1# - PUNTO DE ACCESO PRINCIPAL-NOMBRE DE PERSONA |
| Nombre de persona |
Corcoy, Marta |
| 9 (RLIN) |
3347 |
| 245 10 - MENCIÓN DE TÍTULO |
| Título |
Comunicació i periodisme a les corporacions locals |
| Medio |
[recurs electrònic] |
| Resto del título |
: de les primeres eleccions democràtiques al retiment de comptes. Permanències i canvis a les notícies, del paper als recursos digitals |
| Mención de responsabilidad, etc. |
/ Marta Corcoy Rius ; [directora de la tesi: Amparo Moreno Sardà] |
| 260 ## - PUBLICACIÓN, DISTRIBUCIÓN, ETC. (PIE DE IMPRENTA) |
| Lugar de publicación, distribución, etc. |
[S.l.] : |
| Nombre del editor, distribuidor, etc. |
Universitat Autònoma de Barcelona, |
| Fecha de publicación, distribución, etc. |
2016 |
| 300 ## - DESCRIPCIÓN FÍSICA |
| Extensión |
1 recurs electrònic (479 p.) |
| 502 ## - NOTA DE TESIS |
| Nota de tesis |
Tesi doctoral - Universitat Autònoma de Barcelona. Departament de Periodisme i Ciències de la Comunicació, 2016 |
| 650 #0 - PUNTO DE ACCESO ADICIONAL DE MATERIA - TÉRMINO DE MATERIA |
| 9 (RLIN) |
3755 |
| Término de materia o nombre geográfico como elemento inicial |
Mitjans de comunicació de massa locals |
| Subdivisión geográfica |
Catalunya |
| Subdivisión de forma |
Tesis |
| 650 #0 - PUNTO DE ACCESO ADICIONAL DE MATERIA - TÉRMINO DE MATERIA |
| 9 (RLIN) |
3870 |
| Término de materia o nombre geográfico como elemento inicial |
Comunicació en l'administració |
| Subdivisión geográfica |
Catalunya |
| Subdivisión de forma |
Tesis |
| 700 1# - PUNTO DE ACCESO ADICIONAL - NOMBRE DE PERSONA |
| Nombre de persona |
Moreno Sardà, Amparo |
| 9 (RLIN) |
1644 |
| 710 2# - PUNTO DE ACCESO ADICIONAL - NOMBRE DE ENTIDAD |
| Nombre de entidad o nombre de jurisdicción como elemento inicial |
Universitat Autònoma de Barcelona |
| 9 (RLIN) |
3477 |
| Unidad subordinada |
. Departament de Periodisme i Ciències de la Comunicació |
| 856 40 - LOCALIZACIÓN Y ACCESO ELECTRÓNICO |
| Identificador Uniforme del Recurso (URI) |
<a href="http://hdl.handle.net/10803/400073">http://hdl.handle.net/10803/400073</a> |
| Texto del enlace |
Accés en línia |
| 942 ## - ENTRADA DE ELEMENTOS AGREGADOS (KOHA) |
| Koha [por defecto] tipo de item |
Tesines en línia |
| Fuente de clasificaión o esquema |
|